00872nam a2200193 a 450000100100000000500170001000800410002704000250006808200210009310000250011424500970013926000540023630000210029050000730031170000330038470000470041795201970046499900170066100004612720240302073953.0150624s1991 dr 000 0 spa d aDO-SdBNPbspacBNPHU axxxxxxxbxxxxxxx1 aAdames, Julio93390510aHuéspedes en la noche /cJulio Adames ; edición Carmen Pérez, Bruno Rosario Candelier. aSantiago, República Dominicana :bPUCMM,c1991. a103 p. ;c23 cm. aIncluye referencias bibliográficas y notas al pie de las páginas1 aPérez, Carmen,eed.9741861 aRosario Candelier, Bruno,d1941-eed.9851 0010718PDaPDbPDcHDd2015-06-24iLF1l0oxxxxxxx xxxxxxxp46127-10r2020-06-25w2020-06-25yLFPDzPerteneció a la biblioteca personal de Chiqui Vicioso / Fidelio Despradel.ZNo se presta c45616d45616